00536nam a2200169 450000500170000001000150001702000110003203500140004303700130005708200110007010000210008124501580010226000310026027000300029130000210032170000240034220191106102331.0 aENG-126826 c250.00 aEN-110358 bDBAD/PUB a181.49 aJha, Anil Kumar  aA perfect guide for successful human life The Srimad-Bhaggavad -Gita :cAnil Kumar Jha [and] Ajit Kumar Bishnoibmade easy to learn and to benefit from / a DelhibAjit Kumar Bishnoi mspiritual@ajitbishnoi.com a717p.c21cm(pbk) aBishnoi, Ajit Kumar